[Event "Criciuma op-B"]
[Site "Criciuma"]
[Date "2024.01.18"]
[Round "9"]
[White "Schmoeler, Miguel Medeiros"]
[Black "Dos Santos, Nicoly Guilherme"]
[Result "1-0"]
[WhiteElo "1361"]
[BlackElo "1476"]
[PlyCount "37"]
[EventDate "2024.01.12"]
[EventType "swiss"]
[EventRounds "9"]
[EventCountry "BRA"]
[SourceTitle "CB04_2024"]
[SourceDate "2023.10.16"]
[SourceVersion "1"]
[SourceVersionDate "2023.10.16"]
[SourceQuality "1"]

1. e4 e5 2. Nf3 Nc6 3. Bc4 Nf6 4. d3 Be7 5. 0-0 h6 6. Re1 0-0 7. Nbd2 d6 8. h3 Na5 9. Bb3 Nxb3 10. axb3 c5 11. Nf1 Nh5 12. c3 Be6 13. Nxe5 dxe5 14. Qxh5 Qxd3 15. Bxh6 gxh6 16. Qxh6 Bxb3 17. Re3 Qxf1+ 18. Rxf1 Bd6 19. Rg3# 1-0

[Event "Criciuma op-B"]
[Site "Criciuma"]
[Date "2024.01.13"]
[Round "3"]
[White "Batista, Leonardo Antonio"]
[Black "Dos Santos, Nicoly Guilherme"]
[Result "1-0"]
[WhiteElo "1640"]
[BlackElo "1476"]
[PlyCount "57"]
[EventDate "2024.01.12"]
[EventType "swiss"]
[EventRounds "9"]
[EventCountry "BRA"]
[SourceTitle "CB04_2024"]
[SourceDate "2023.10.16"]
[SourceVersion "1"]
[SourceVersionDate "2023.10.16"]
[SourceQuality "1"]

1. e4 e5 2. Nf3 Nc6 3. Bc4 Nf6 4. 0-0 Bc5 5. d4 exd4 6. e5 Ng4 7. Bf4 d6 8. exd6 Bxd6 9. Re1+ Be7 10. Na3 0-0 11. Nb5 a6 12. Nxc7 Ra7 13. Nd5 Bc5 14. Bg5 Qd7 15. h3 b5 16. Bb3 Na5 17. Ne7+ Bxe7 18. Rxe7 Qd6 19. Rxa7 Nxb3 20. axb3 Ne5 21. Bf4 Nxf3+ 22. Qxf3 Qc5 23. Rc7 Qf5 24. Bd6 Rd8 25. Qxf5 Bxf5 26. Rxa6 d3 27. cxd3 Bxd3 28. Be7 Rb8 29. Rd6 1-0